00425nam a2200145Ia 4500008004100000041000900041082001800050100002200068245003100090260003000121300000800151650000800159999001700167952009500184230718s9999 xx 000 0 und d aEng. aKE 246bSUO-G aSuomakarh, Dr. Ch 0aGuide to legal Abbravation aPakistanbNew Dehlic2014 a180 aLaw c31367d31367 00104070aSIRC-LbSIRC-Ld2023-07-18l0oKE 246 SUO-Gp26318r2023-07-18w2023-07-18yBK